| 000 | 00499nam a22001937a 4500 | ||
|---|---|---|---|
| 003 | MPLRDC | ||
| 005 | 20220104190401.0 | ||
| 008 | 210129b ||||| |||| 00| 0 eng d | ||
| 020 | _a978-957-10-4527-6 | ||
| 082 | _a422.5 DIY | ||
| 100 | _aDIY MAGAZINE DOPA! 编 | ||
| 245 |
_a旧宅改造王 _c游韵馨 译 |
||
| 250 | _a初版 | ||
| 260 |
_a台湾 _b尖端出版 _c2011 |
||
| 300 | _b平 | ||
| 490 | _a设计好生活 | ||
| 650 | _a房间之设备及家庭布置 | ||
| 942 |
_cBK _o422.5 DIY |
||
| 999 |
_c63759 _d63749 |
||